000 00639nam a2200229Ia 4500
003 OSt
005 20220918201653.0
006 a|||||r|||| 00| 0
007 ta
008 220917b |||||||| |||| 00| 0 eng d
024 _a95,587
037 _cTextual
040 _aARTS
_cARTS
_beng
041 _2eng
_aeng
082 _aV2:1:N3, H5
100 _aBirdwood C B
_9100070
245 0 _aContinent experinments
_b picture of the present and conjecture for the future with a few memories from the past
260 _c1945
650 _aHISTORY
942 _hV2:1:N3, H5
_cTEXL
_2CC
999 _c219208
_d219208